Dictée de Pierre Louÿs - Statistiques

Statistiques générales
  • Ce quiz a été pris 79 fois
  • Le résultat moyen est 22 sur 45
Statistiques - réponses
Indice Mot % Correct
QUELQUE Il y a {quelque}
100%
20 {vingt} ans,
98%
RUISSO sur ce {ruisseau}
89%
JOLI faisaient bruire leurs {jolis}
82%
MEDITERANEIN {méditerranéen}
74%
SCARABE tandis que des {scarabées}
74%
FANE et {fanés}
64%
OMELETE On nous offrit une {omelette}
58%
300 et {trois cents}
56%
ACACIA nos {acacias}
56%
PAGAYER nous {pagayions}
56%
ENTRECOTE des {entrecôtes}
55%
80 {quatre-vingts}
55%
QUELQUES {quelques}
55%
BUFLE {buffles}
53%
HIPOLITE mon cher {Hippolyte}
53%
92 où était aussi parqués {quatre-vingt-douze}
53%
PARFUME {parfumé}
53%
POURI {pourries}
53%
COUPLE {couples} d'oeufs
52%
AMARENTE d'où tombaient des pétales {amarante}
52%
PATRONAGE sous le {patronage}
52%
CADUC d'un pâtissier {caduc}
50%
LORIER SAUCE et les {lauriers-sauce}
50%
LIS fleurs de {lis}
50%
SANDWICH et des {sandwiches}
45%
PROCURER nous avait {procurées}
45%
PATRONESSE Une foule de dames {patronnesses}
44%
MARMONER et {marmonnaient}
42%
POIVRER {poivrés}
42%
DEBARCADER au {débarcadère}
41%
MARMOTER {marmottaient}
41%
CRISANTEME nos {chrysanthèmes}
41%
PACAGE dans le {pacage}
38%
SARIGUE {sarigues}
38%
CROISSER Là, {croissaient}
36%
IACINTE qu'{Hyacinthe}
36%
ELITRE {élytres}
32%
MALVOISI arrosés de {malvoisie}
27%
BRINGUEBALER {bringuebalaient}
27%
BALER {ballaient}
17%
1909 en {mil neuf cent neuf}
15%
ROUEN chevaux {rouans}
9%
SINSOLINE nos {zinzolines}
5%
LORIER TIRSE sur les {lauriers-thyrses}
5%
Aucun quiz correspondant
Distribution des résultats
% des personnes avec chaque résultat
Percentile par nombre de réponses
Votre historique - résultats
Vous n’avez pas pris ce quiz